Statistics for Descendants 3 "It's Good to be Bad" Fill in the Blank lyrics

Click here to take the quiz!

General Stats

  • This quiz has been taken 129 times
  • The average score is 49 of 87

Answer Stats

HintAnswer% Correct
You all know you're the ____best
88%
All the ____ from Auradonboys
88%
And the _____ 'cause they know what's upgirls
86%
Anybody _____ be like us?wanna
86%
From the _____ to the _____north, south
85%
From the ____ to the ____
east, west
84%
It's ____ to begood
84%
________ wanna be like us!Everybody
83%
These ________ named after usstreets
83%
'Cause everyone is gonna get their ______chance
80%
Turn it up, now's your ______chance
80%
Lost ____, lost _____boys, girls
78%
It's ____ to be, ___good, bad
77%
It's ____ to be ___good, bad
77%
It's ____ to be ___good, bad
77%
It's ____ to be, ___good, bad
77%
It's ____ to be ___good, bad
77%
It's ____ to be ___good, bad
77%
It's ____ to be, ___good, bad
77%
It's ____ to be, ___good, bad
77%
Well, it's ____ to be ___good, bad
77%
When I say "_", you say "K"V
77%
We're from the Isle of the ____!Lost
74%
When I say "___", you say "day"all
72%
It's time to get up on your ____ and _____feet, dance
72%
Now's the ____, show 'em what you gottime
72%
___Bad
70%
When I say "all", you say "___"day
69%
Raise your V's up ____high
69%
Raise your V's up ____high
69%
Raise your V's up ____high
69%
Because we _____ the waypaved
65%
Everyone come and take your ____shot
65%
Hit the _______, it's your ___streets, day
65%
Your ____ could ______ todaylife, change
64%
Your ____ could ______ todaylife, change
64%
They said that being from the ____ was ___Isle, bad
60%
And we're _____ of thatproof
59%
And we're _____ of thatproof
59%
And we're _____ of thatproof
59%
________ thatRemember
58%
________ thatRemember
58%
________ thatRemember
58%
____ 'em wide, ____ to sideWave, side
58%
____ 'em wide, ____ to sidewave, side
58%
___Hey
57%
___Hey
57%
___Hey
57%
Feel the ____vibe
57%
Feel the ____vibe
57%
Feel the ____vibe
57%
Used to be ____, now we're on the ___lost, map
53%
Used to be ____, now we're on the ___lost, map
53%
Used to be ____, now we're on the ___lost, map
53%
You're from the Isle if _______ asksanybody
52%
If you got _____pride
50%
If you got _____pride
50%
If you got _____pride
50%
We're here to _________celebrate
49%
So when I ___ "V", you ___ "K"say, say
49%
But you ___'_ take the Isle out the VKcan't
48%
Today's the day that you won't ______forget
47%
_-K-_-KV, V
47%
But we were ____ this wayborn
46%
We're here to _______elevate
46%
V-_-V-_K, K
46%
All ___, all ___day, day
44%
___ ___All day
41%
____ on!Come
40%
But you best not ________hesitate
38%
I wanna see you ___ rep your _____all, block
36%
I wanna see you ___ rep your _____all, block
36%
Used to steal ______, now we're giving ____stacks, back
32%
Used to steal ______, now we're giving ____stacks, back
32%
Used to steal ______, now we're giving ____stacks, back
32%
'Cause the Isle makes us and we're reppin' this _____place
29%
'Cause you can take the VK _____ the Isleoutta
26%
Show your _____, let me hear ya _____pride, shout
25%
The ____ to come ain't ________ yetbest, happened
23%
Wave 'em ____, side to ____wide, side
22%
Take a ___, it won't be your ____bow, last
20%
If you're ____, then make your ____down, move
17%
If you wanna make it ____, not a moment to _____hype, waste
16%
They can try to ____ our styledeny
14%
____ __Come on
8%
Make it ____, make it ____, make it jump to the ____loud, live, bass
8%
Make it what you want, but you'd better make your ____base
5%

Score Distribution

Percentile by Number Answered

Percent of People with Each Score

Your Score History

You have not taken this quiz